00248nam a2200097Ia 4500008004100000041001200041100001900053245006600072260000600138650000600144221030s9999 xx 000 0 und d aEnglish aS. Ramamrutham 0aHydraulics Fluid Mechanic & Fluid Machinescby S. Ramamrutham c0 aB